000 00546nam a22001817a 4500
003 BUBTL
008 170115b xxu||||| |||| 00| 0 eng d
020 _a978-1-84569-7
082 _a677GAW
100 _91032
_aGandhi,K.L.
245 _aWoven Textiles :
_bPrinciples,developments and applications/
_cK.L.Gandhi
260 _aOxford :
_bWoodhead Publishing,
_cc2012.
300 _axxi,457 p. :
_bill. ;
_c21 cm.
650 0 _91034
_aTextile Engineering
856 _k0
_l0
_yDownload
942 _2ddc
_cBK
999 _c5418
_d5418